Power System Protection and Switchgear (Record no. 57781)

MARC details
000 -LEADER
fixed length control field 00509nam a2200181Ia 4500
008 - FIXED-LENGTH DATA ELEMENTS--GENERAL INFORMATION
fixed length control field 230524s9999 xx 000 0 und d
020 ## - INTERNATIONAL STANDARD BOOK NUMBER
ISBN 9780070671188
082 ## - DEWEY DECIMAL CLASSIFICATION NUMBER
Classification number 621.39
Item number OZA
100 ## - MAIN ENTRY--AUTHOR NAME
Personal name Bhubenesh A Oza
245 #0 - TITLE STATEMENT
Title Power System Protection and Switchgear
250 ## - EDITION STATEMENT
Edition statement 9
260 ## - PUBLICATION, DISTRIBUTION, ETC. (IMPRINT)
Place of publication New Delhi
Name of publisher TMH
Year of publication 2015
300 ## - PHYSICAL DESCRIPTION
Number of Pages "XVIII,476p;"
500 ## - GENERAL NOTE
General note Quantity Number: 1
650 ## - SUBJECT ADDED ENTRY--TOPICAL TERM
Topical Term Electrical
700 ## - ADDED ENTRY--PERSONAL NAME
Personal name " Nirmal Kumar C Nair , Rashesh P Mehta , Vijay H Makwana"
942 ## - ADDED ENTRY ELEMENTS (KOHA)
Koha item type Books
Holdings
Lost status Damaged status Permanent Location Current Location Shelving location Date acquired Full call number Accession Number Koha item type
    Central Library, Trident Academy of Technology Central Library, Trident Academy of Technology General Stacks 05/24/2023 621.39 OZA 54094 Books
Trident Academy of Technology © 2023.
All rights reserved.                                                                                                                                                                                                        Designed by Team of Central Library .

Powered by Koha